U.S. Cities by Letter - D (Map Quiz) - Statistics

General Stats
  • This quiz has been taken 1,289 times
  • The average score is 12 of 16
Answers on the Map
Answers color-coded by a green-red scale on the quiz's map according to % correct below.
 
Answer Stats
Answer % Correct
Dallas
99%
Detroit
94%
Denver
93%
Daytona Beach
91%
Des Moines
89%
Dover
85%
Dayton
82%
Duluth
79%
Durham
77%
Dodge City
67%
Durango
61%
Davenport
56%
Davis
56%
Danbury
55%
Dothan
48%
Dubuque
43%
No matching quizzes found
Score Distribution
Percent of People with Each Score
Percentile by Number Answered
Your Score History
You have not taken this quiz